书目信息 |
| 题名: |
双子叶植物科志
|
|
| 作者: | 耿德逊 , Gundersen 著 ;马骥 译 | |
| 分册: | ||
| 出版信息: | 北京 科学出版社 1958 |
|
| 页数: | 259页 | |
| 开本: | 19cm | |
| 丛书名: | ||
| 单 册: | ||
| 中图分类: | Q949.720.8 | |
| 科图分类: | ||
| 主题词: | 双子叶植物--植物志 | |
| 电子资源: | ||
| ISBN: | 13031.891 | |
| 000 | 00721nam0 2200253 450 | |
| 001 | 0105430029 | |
| 005 | 20020928000000.0 | |
| 010 | @a13031.891@dCNY1.40 | |
| 091 | @a13031.891 | |
| 100 | @a19970314d1958 em y0chiy0110 ea | |
| 101 | 1 | @achi@ceng |
| 102 | @aCN@b110000 | |
| 105 | @ay z 000yy | |
| 106 | @ar | |
| 200 | 1 | @a双子叶植物科志@9Shuang Zi Ye;Xie Zhi Wu Ke Zhi @f(美)耿德逊(A.Gundersen)著@g马骥译@b专著 |
| 210 | @a北京@c科学出版社@d1958 | |
| 215 | @a259页@d19cm | |
| 606 | 0 | @a双子叶植物@x植物志 |
| 690 | @aQ949.720.8@v3 | |
| 701 | 1 | @a耿德逊@9geng de xun@bA.@4著 |
| 701 | 1 | @aGundersen@bA.@4著 |
| 702 | 0 | @a马骥@9ma ji@4译 |
| 801 | 0 | @aCN@bAiZhiMarc |
| 905 | @aBZT@dQ949.720.8@e1@f1@sQ949.720.8/1 | |
| 双子叶植物科志/(美)耿德逊(A.Gundersen)著/马骥译.-北京:科学出版社,1958 |
| 259页;19cm |
| ISBN 13031.891:CNY1.40 |
| ● |
| 相关链接 |
|
|
|
正题名:双子叶植物科志
索取号:Q949.720.8/1
 
预约/预借
| 序号 | 登录号 | 条形码 | 馆藏地/架位号 | 状态 | 备注 |
| 1 | 2000105805 | 2000105805 | 旧书回溯/ [索取号:Q949.720.8/1] | 在馆 |